[Event "Montreal op"]
[Site "Montreal"]
[Date "2015.09.13"]
[Round "5.6"]
[White "Milicevic, Goran"]
[Black "Robichaud, Louis"]
[Result "1/2-1/2"]
[WhiteElo "2390"]
[BlackElo "2117"]
[Annotator "Keith MacKinnon"]
[PlyCount "128"]
[EventDate "2015.09.12"]
[EventRounds "5"]
[EventCountry "CAN"]
[SourceTitle "Chess Canada - Ketchup 1"]
[SourceDate "2017.03.23"]

{http://chess.ca/newsfeed/node/689  This year's Montreal Open drew out a
number of inactive players, including FM Goran Milicevic. I chose to annotate
his last round game against a strong expert of the Montreal chess scene, Louis
Robichaud. The game is interesting in that it shows FM Milicevic going for the
quick kill with an early Kingside pawn storm but having his attack parried and
then almost getting into trouble late in the game. There is a lot to learn -
especially from the psychological side (due to the rating difference between
players) - from the following game.    In a final round game where the White
player has a significant rating advantage, you know he's playing for the win.
It's interesting to see how Louis neutralizes White's advantage and then has
his own chances to win.} 1. d4 Nf6 2. Nf3 g6 3. Nc3 d5 4. Bf4 Bg7 5. e3 O-O 6.
Be2 {Diagram [#]} b6 (6... c5 {is Black's most frequent continuation; e.g.} 7.
Ne5 (7. dxc5 Qa5 8. Nd2 Qxc5 9. Nb3 Qb6 10. a4 {(0-1, 68) Krishna,C (2367)
-Jones,G (2615) London, 2015.}) 7... Nc6 8. O-O {(0-1, 36) Wang,R (2365)-So,W 
(2744) Edmonton, 2014.}) 7. h4 $5 {The standard plan. It looks very aggressive
at first sight, however.} (7. Ne5 Bb7 8. h4 {is another move order.}) 7... h6 {
typically not necessary} 8. Ne5 Bb7 {Diagram [#]} 9. f3 {I'm not so sure about
this move. I don't think that White needs to prevent the Black Knight from
jumping to e4.} ({I might have prefered:} 9. g4 Nfd7) ({editor - the computer
rates White as having a near-winning attack after:} 9. h5 $1 g5 $1 10. Bxg5 $1
hxg5 11. h6 Bh8 12. h7+ Kg7 13. f4 $1 $146 (13. Bd3 $16 {(1-0, 26) Hebden,M 
(2510)-Birnboim,N (2395) Rishon Le Ziyyon, 1992.})) 9... Nbd7 10. Qd2 Nxe5 11.
Bxe5 Nd7 12. Bxg7 Kxg7 13. h5 (13. O-O-O $5 Nf6 14. Kb1 $14) 13... g5 {Diagram
[#]} 14. f4 $5 {White is playing aggressively, as he should, with the Black
King somewhat open.} e6 (14... gxf4 15. exf4 Nf6 16. O-O-O Rg8 17. g4 Ne4 18.
Nxe4 dxe4 19. Rhg1 $14) 15. O-O-O Nf6 $6 {Heading for e4, but prevents ...Qxg5.
Instead, ...c5 or ...Rc8 starting queenside counterplay would be safer.} 16.
Bd3 $6 {This move does not eliminate ...Ne4. There were several better options.
} (16. fxg5 $1 hxg5 17. h6+ {leads to a sizeable advantage for the White
player.} Kh8 18. Kb1 $16 (18. Qe1 $5)) (16. Rdf1 $16 {not as good as fxg5, but
still active and good.}) 16... Ne4 {Black's gamble pays off. He gets his
Knight to e4 without shattering his Kingside.} 17. Bxe4 dxe4 18. Rhf1 f6 {
Diagram [#]} 19. f5 $2 {Likely the start of a bad plan.} (19. fxg5 hxg5 (19...
fxg5 $2 20. d5 $1 {would be major trouble for the Black player.})) (19. g4 {
giving the Queen options on the second rank.}) 19... Qe7 20. fxe6 Qxe6 {
Diagram [#]} 21. d5 {Black gets to place his Queen on its ideal square, and
any miniscule advantage White held fizzles out over the next few moves.} (21.
Kb1 {may well be the best move. He needs to slow-play this position to hope
for something down the line.}) 21... Qe5 22. g4 $1 {Prevents Black from
gaining space and supporting his e4 pawn with ...f5.} Rad8 23. Qg2 {Diagram [#]
} Bc8 (23... Bxd5 $4 24. Rf5 $18) (23... c6 $1 $11 24. dxc6 Bxc6 25. Rxd8 Rxd8
26. a3) 24. Rd4 f5 25. Rfd1 (25. gxf5 Bxf5 26. Rc4 Rf6 $14 {and Black should
be holding this position.}) 25... fxg4 26. Rxe4 Qf6 27. Qg3 Rf7 28. Rc4 Qd6 $11
29. Qxd6 cxd6 30. Ne4 Bf5 31. Ng3 Bc8 32. Rg1 {Diagram [#] White reveals he is
playing for the win, as opposed to the move repetition which could have
occurred had he gone back to e4 with his Knight.} Bb7 33. e4 Bc8 34. a4 Kf8 35.
b4 Bd7 {Diagram [#]} 36. b5 (36. Rc7 {leads to a draw if Black finds the
following line:} Rc8 (36... Bxa4 37. Rxf7+ Kxf7 38. Nf5 $11) 37. Rxa7 Rf2 38.
Rxd7 Rcxc2+ 39. Kd1 Rfd2+ 40. Ke1 Rh2 41. Kd1 Rhd2+ $11) 36... Rc8 37. Rxc8+ (
37. Rc6 $1 {a risky plan, but probably the best way to play for the win;} Bxc6
38. bxc6 Rf6 39. Nf5 Re8 40. Rxg4 Re5 $11 {Black could sack his rook for the
Knight, but after 41.c4 the position is almost a fortress (for both sides) as
it is.}) 37... Bxc8 {Black is now in the driver's seat.} 38. Kd2 Ke7 39. Ke3
Rf3+ 40. Kd4 Ra3 41. c4 {Diagram [#]} Rxa4 (41... Kf6 42. Rf1+ Kg7 43. Rg1 Kf6
44. Rf1+ $11) 42. e5 dxe5+ 43. Kxe5 Rxc4 44. Ra1 {A neat trick.} Rf4 (44... Rc7
$4 45. d6+ $18) 45. Rxa7+ Bd7 46. d6+ Kd8 47. Ra8+ Bc8 48. Ra7 Rf3 {Diagram [#]
} 49. Rh7 $2 ({editor -} 49. Rg7 $3 {is a very surprising way to bring the R
to stop Black's g-pawn:} Bd7 (49... Ke8 50. Rg8+ Kd7 51. Rg7+ $11) 50. Rg8+ $8
Be8 51. Nf5 $8 g3 $140 52. Nxh6 $8 g2 53. Rxg5 Rf2 $11) 49... Rxg3 $2 ({
This was Black's chance to play for the win.} 49... Bd7 $1 {Here's a sample
line:} 50. Ne4 g3 51. Nxg3 Rxg3 52. Rxh6 Bxb5 53. Rh8+ Be8 54. h6 g4 55. Kf4
Rg1 56. Rh7 (56. h7 Rh1 57. Kxg4 b5 $19) 56... g3 57. Rb7 g2 58. Rb8+ Kd7 59.
Kf3 Bg6 60. Kf2 Rb1 61. Kxg2 Kxd6 $19) 50. Rh8+ Kd7 51. Rh7+ Ke8 52. Rh8+ Kf7 (
52... Kd7 53. Rh7+ $8 $11) 53. Rxc8 Rd3 54. Rc7+ Ke8 55. Ke6 Re3+ 56. Kf5 g3
57. Rc2 Kd7 {Diagram [#]} 58. Kg4 ({editor - ?? After this I think Black is
winning.} 58. Rd2 $142 $15) 58... Kxd6 (58... Rb3 $5) 59. Rc6+ {Diagram [#]
Critical Position} Kd5 ({editor - ??} 59... Ke5 $1 $19 60. Kh3 (60. Rxb6 g2 $19
) (60. Rc2 Rb3 $19) 60... g4+ $8 61. Kg2 Kf4 $8 62. Rxh6 (62. Rc2 Kg5 $19)
62... Re2+ 63. Kg1 Kg5 $8 64. Rxb6 Kh4 $1 $19 {and the white umbrella shields
the Black K.} (64... Kxh5 $4 65. Rb8 $11)) 60. Kh3 Re6 61. Rc8 Re3 62. Rc6 Re6
63. Rc8 Re3 64. Rc6 Re6 {There are a couple of lessons to take from this game.
The first is that one should not panic when under a major attack on his or her
king. I would have likely been quite afraid of the position after the first 10
moves, but Mr. Robichaud kept his cool and didn't succumb to the opening
pressure. The second lesson is that the higher-rated player must be careful
about playing for the win at all cost. Here, FM Milicevic could have been in
big trouble had Mr. Robichaud found 49...Bd7 (editor - or 59...Ke5).} (64...
g2+ 65. Kxg2 Re6 66. Rc2 $11) 1/2-1/2

[Event "Aurora"]
[Site "Aurora"]
[Date "2015.10.03"]
[Round "1.3"]
[White "Vettese, Nicholas"]
[Black "Yu, Wenlu"]
[Result "0-1"]
[WhiteElo "2276"]
[BlackElo "2051"]
[Annotator "Felix Dumont"]
[PlyCount "76"]
[EventDate "2015.10.03"]
[EventRounds "5"]
[EventCountry "CAN"]
[SourceTitle "Chess Canada - Ketchup 1"]
[SourceDate "2017.03.23"]

{http://chess.ca/newsfeed/node/686  This week's game is incredibly tactical
and fun to watch. No one could have predicted the outcome of the game!} 1. e4
c5 2. Nf3 e6 3. d4 cxd4 4. Nxd4 a6 5. c4 Nf6 6. Nc3 Bb4 7. Bd3 {Diagram [#]We
have reached a common position from the e6 Sicilian where White has a Maroczy
bind setup.} Bxc3+ $5 {This move does weaken White's pawn structure, but also
releases some pressure and opens the b-file, so it's not clear it's Black's
best option.} (7... Nc6 {Is the most common move} 8. Nxc6 dxc6) 8. bxc3 Qa5 {
While it may seem like Black's queen is better on a5 than on d8, it no longer
protects the d6 pawn and Black has one less tempo. So, playing ...d6 right
away was probably better.} (8... d6 {Is a much more solid option for Black.})
9. Qb3 d6 10. Ba3 Ke7 $2 {There is no way it can be good for Black to play ...
Ke7 in this position, especially when White has the e5 break.} (10... e5 $142)
11. Bb4 Qh5 {Diagram [#]} 12. Qa3 {Missing a much better move} (12. f4 $1 {
It's risky, but it works!} e5 (12... Rd8 13. e5 $18) 13. fxe5 Qxe5 14. O-O $1
$18) 12... Rd8 13. c5 (13. Rd1 {would be a simple way for White to put more
pressure on d6.}) 13... a5 $2 ({As ugly as it may seem} 13... Kf8 {may be
Black's best option,} 14. cxd6 Nbd7 $16) 14. cxd6+ Ke8 {Diagram [#]} 15. Nb5 $1
{editor - This gets an exchange, but White had a simpler win:} (15. d7+ $1
Nbxd7 (15... Bxd7 16. Bf8 Ng8 17. Bxg7 $18) 16. Be7 $18 {in return for his
d6-pawn, White picks up the exchange on d8 instead of a8, which both
eliminates the active R and and keeps the white Q more centralized, all while
still keeping the black K in the center .}) 15... axb4 16. Qxa8 Nc6 17. O-O {
Well, White is still clearly winning. So why is this the game of the week?
Because Black has not given up!} Ne5 $1 {Diagram [#] An exclamation mark for
the perseverance, but White is still clearly winning.} 18. Nc7+ (18. Rfd1 {
is a simple and effective way to protect the Bishop while maintaining the
pressure. editor - White might have been worried about Black counterplay after:
} Nxd3 19. Rxd3 Qe2 20. Rad1 Nxe4 {but it was nothing to worry about so long
as White had already seen the spectacular win:} 21. Qxc8 $3 {since} Rxc8 22.
d7+ Kd8 23. dxc8=Q+ Kxc8 24. Rd8#) 18... Kf8 {Diagram [#]Critical Position} 19.
Bb5 $2 {White doesn't seem to realize that Black could soon have a strong
attack. White should have kept some pieces to protect his king.} ({editor -} 
19. Rfd1 $142 Neg4 20. h3 Qc5 $1 21. hxg4 Nxg4 22. Rd2 bxc3 23. Rc2 Qxd6 $16 {
and Black still has decent swindling chances.}) ({editor -} 19. d7 $142 {
gives up the pawn for a tempo to regroup,} Nexd7 20. Rad1 $16) 19... Nfg4 $1
$11 (19... Nf3+ 20. gxf3 Ng4 $11) 20. h3 Nf3+ $8 21. Kh1 {Diagram [#]} (21.
gxf3 Qxh3 22. fxg4 Qxg4+ {and Black has a perpetual.}) 21... Ng5 $2 {Missing
an opportunity to get a draw!} (21... Qe5 $8 22. g3 Ne3 $1 (22... Nxf2+ $2 23.
Kg2 $16) 23. fxe3 (23. Rfc1 $2 Qh5 $19) 23... Qxg3 24. Rxf3 Qxf3+ $11 {with
another perpetual.}) 22. f3 $4 {White went from a winning position to an equal
position, and now he is losing!} ({editor -} 22. Qa5 $8 $18 Qh4 {defending the
Rd8.} (22... Nxh3 $2 23. Nxe6+ $8 {and Black's house collapses first.}) (22...
Rxd6 23. Qxb4 $18) 23. Kg1 Ne5 (23... Nxh3+ 24. gxh3 Kg8 {getting out of the
check from Nxe6.} (24... Qxh3 25. Nxe6+ $8 $18 {again.}) 25. Kg2 $18 {and
White is up a R.}) 24. d7 $1 Nef3+ 25. Kh1 $8 Nxh3 26. g3 $1 Nxf2+ 27. Kg2 {
it looks crazy, but White is winning, since (again) if} Qxe4 28. Nxe6+ $1 $18)
22... Nxh3 $1 23. fxg4 Nf2+ 24. Kg1 Nxg4 25. Rfd1 Qh2+ {Diagram [#] There is
nowhere to hide.} 26. Kf1 Qh1+ 27. Ke2 Qxg2+ 28. Kd3 Ne5+ 29. Ke3 Qf3+ 30. Kd2
Rxd6+ 31. Nd5 Qxc3+ 32. Ke2 exd5 33. Rac1 Qf3+ 34. Kd2 Qg2+ 35. Be2 Nc4+ 36.
Ke1 Qg1+ 37. Bf1 Qg3+ 38. Ke2 Qe3# {A nice finish to this incredible game.} 0-1

[Event "100th BC Closed"]
[Site "?"]
[Date "2015.10.11"]
[Round "5.2"]
[White "Cao, Jason"]
[Black "Pechisker, Alfred"]
[Result "1-0"]
[WhiteElo "2402"]
[BlackElo "2258"]
[Annotator "Felix Dumont"]
[PlyCount "105"]
[EventDate "2015.10.09"]
[EventRounds "1"]
[EventCountry "CAN"]
[SourceTitle "Chess Canada - Ketchup 1"]
[SourceDate "2017.03.23"]

{http://chess.ca/newsfeed/node/694  This game is extremely tactical and
instructive. Both players played a fair number of good moves, but also quite a
lot of mistakes (but that is to be expected in such positions!). I am
convinced everybody will love going through it as much as I did. The game is
from the 100th BC Championship, which FM Jason Cao won recently.} 1. e4 c5 2.
Nf3 d6 3. d4 cxd4 4. Nxd4 Nf6 5. Nc3 a6 {Diagram [#] Black opts for the
Najdorf variation of the Sicilian Defense, which should already hint us that
the game is going to be interesting!} 6. Be3 {White had three other popular
options:} (6. Bg5) (6. Bc4) (6. Be2) 6... Nc6 $5 {It is not the first time
this move has been played, but it is often considered somewhat inferior to the
main lines where the knight instead goes in d7. However, Black may have wanted
to surprise his opponent.} 7. f3 Qc7 8. Qd2 e6 9. g4 {Diagram [#] So far the
position is quite typical for a Sicilian, although one may still argue that
the knight could be better in d7.} h6 $6 {This move is quite weakening.
Black's plan at this point is probably to keep the king in the center, or even
to castle queenside, but h6 seems hardly justified.} (9... Be7 10. O-O-O b5 11.
g5 Nd7 12. h4 {Would be the most typical continuation.}) 10. O-O-O Ne5 11. h4 {
White has the advantage of having a very easy plan, whereas Black will have to
play very carefully.} Nfd7 {It's really not clear what is Black's objective
now...} ({It's time for Black to start his own attack:} 11... b5) 12. Kb1 b5 {
Diagram [#]} 13. Be2 {While this move may not seem bad at first, it loses some
momentum for White} (13. g5 hxg5 14. Bxg5 Nc4 15. Bxc4 bxc4 16. h5 {seems like
a very interesting way for White to continue the game.}) 13... Nb6 14. f4 $2 {
If White's plan was to chase the e5 knight, why do it now that the c4 square
is supported by another knight?} Nec4 15. Bxc4 Nxc4 16. Qd3 {Diagram [#]} b4
17. Nce2 {Black is suddenly doing much better than a few moves ago. Obviously,
the position is extremely sharp and no one could predict the outcome of the
game, but any improvement is good to take!} Nxe3 18. Qxe3 {Diagram [#]} Bb7 $2
{Missing a nice move} (18... e5 $1 $15 {A thematic move in Sicilians: it opens
another line for the Bs while taking away the only good central squares for
White's Ns. It looks so anti-positional to concede d5 that many players
wouldn't consider it, but the white Ns are poorly-placed to exploit d5.} 19.
Nf5 g6 20. Nfg3 Bxg4 $15) 19. Ng3 Be7 (19... Rc8 {would have been best,
indirectly protecting e6 by attacking c2.}) {[#]} 20. f5 $5 {This only works
if White has seen the complicated lines that follow} (20. Qb3 $1 {And White is
starting to have a lot of pressure on the center.}) 20... e5 21. Nb3 $2 {
The whole point of f5 was that White could gain a nice advantage with a
positional pawn sac:} (21. f6 $1 exd4 $1 (21... Bxf6 22. Ndf5 $14 Rd8 $140 $2
23. Nh5 $1 $18) 22. fxg7 Rg8 23. Qxh6 Rc8 $1 $13) 21... f6 {Stopping the f5-f6
pawn sac.} (21... a5 $1 {aeems very strong for Black.}) 22. Nd2 ({editor -} 22.
Nh5 $5) 22... d5 23. exd5 Bxd5 24. Nde4 O-O-O 25. Rd2 {Diagram [#]} Kb7 (25...
Qa5 $1 26. b3 Bc5 27. Qf3 {and Black may be better, although both players have
to be extremely careful.}) 26. Rhd1 Bc4 27. g5 $2 (27. Nc5+ $142 Bxc5 28. Qe4+
Ka7 29. Qxc4 {and the position is pretty much equal... which might not have
suited the much higher-rated player with White.}) 27... hxg5 28. hxg5 {Diagram
[#]} fxg5 (28... Rxd2 29. Nxd2 Rd8 {And again Black has quite a lot of
pressure.}) 29. Nxg5 Rxd2 30. Rxd2 Bxg5 31. Qxg5 e4 (31... Bb5 {And the
position is unbalanced, both roughly equal.}) 32. b3 Bb5 33. Qe3 Bc6 34. Rd4 {
Diagram [#]} a5 $2 {It only took a few moves for Black to get into serious
trouble. This is a common problem when you have a good position for the moment,
but long-term challenges like an exposed king.} ({editor - The computer finds} 
34... Qb6 $1 {when a piece exchange should reduce the problems with Black's
exposed K.} 35. Nxe4 Rh4 36. Qd3 (36. Nd6+ $140 Kb8 $1) 36... Ka7 $16) 35. Nxe4
$18 Kb8 ({editor - Black might have thought this was impossible because of the
pin on the e-file, but} 35... Re8 36. Nc5+ Ka7 37. Ne6 $18 {shows that the
"pin" is no problem.}) 36. Nc5 Bb5 37. Rd7 Qc6 (37... Bxd7 $4 38. Na6+ $18) 38.
Qe5+ Ka8 {Diagram [#]} 39. Qxg7 (39. Rd6 $142 $1 Qh1+ 40. Kb2 Qf3 41. Ne4 {
and it's time to resign.}) 39... Qh1+ 40. Kb2 Bxd7 41. Qxd7 {Although White
didn't manage to convert the advantage as easily at he should have, Black
should still be lost.} Qf3 42. Na4 Qb7 43. Qd4 Re8 44. Nb6+ Kb8 {Diagram [#]}
45. Nc4 $2 (45. f6 $8 Qc7 46. Nd7+ $1 Kc8 47. f7 $18) 45... Qc7 $2 (45... Qa7
$1 46. Qh4 Qc5 {and it's not so easy for White to find a winning continuation.}
) 46. a3 Rd8 47. Qf6 Ka7 $2 (47... bxa3+ 48. Nxa3 Qd6 $11) 48. axb4 axb4 49.
Qe6 Qc5 50. f6 {Diagram [#]} Rd1 $4 (50... Kb8 $1 {and there's nothing White
can do to win the game anymore.}) ({editor -} 50... Qd4+ 51. Ka2 Ra8 $5 {
should hold too.}) 51. Qe7+ $8 $18 Qxe7 52. fxe7 Re1 53. Nd6 1-0